000 00285nam a2200121 a 4500
005 20140414132030.0
008 110315s19uu xx 00 eng d
050 _aTR
_bM97 1990
100 _aGinsburg, Mirra
245 _aMushroom in the rain.
260 _bAladdin.
999 _c113603
_d113603